Online
Catalog

Feria municipal del libro Mario Concepción (Record no. 53433)

MARC details
000 -CABECERA
campo de control de longitud fija 01031nam a2200277 i 4500
001 - NÚMERO DE CONTROL
campo de control 000046285
003 - IDENTIFICADOR DEL NÚMERO DE CONTROL
campo de control DO-SdBNP
005 - FECHA Y HORA DE LA ÚLTIMA TRANSACCIÓN
campo de control 20230508090229.0
007 - CAMPO FIJO DE DESCRIPCIÓN FÍSICA--INFORMACIÓN GENERAL
campo de control de longitud fija ta
008 - DATOS DE LONGITUD FIJA--INFORMACIÓN GENERAL
campo de control de longitud fija 110303s1989 dr 000 0 spa d
040 ## - FUENTE DE LA CATALOGACIÓN
Centro catalogador/agencia de origen DO-SdBNP
Lengua de catalogación spa
Centro/agencia transcriptor BNPHU
Normas de descripción rda
082 ## - NÚMERO DE LA CLASIFICACIÓN DECIMAL DEWEY
Número de clasificación 021.7
Número de documento/Ítem F356
Número de edición 22
111 1# - ENTRADA PRINCIPAL--NOMBRE DE CONGRESO/REUNIÓN
Nombre de congreso/reunión o jurisdicción como elemento de entrada Feria Municipal del Libro
Número del congreso/reunión o número de parte o sección (del 9 de agosto 1989 :
Fecha del congreso/reunión 9 de agosto 1989
Sede del congreso/Lugar de la reunión Sociedad los Progresista, la Vega, R.D.)
9 (RLIN) 74299
245 10 - MENCIÓN DE TÍTULO
Título Feria municipal del libro Mario Concepción
260 ## - PUBLICACIÓN, DISTRIBUCIÓN, ETC.
Lugar de publicación, distribución, etc. La Vega, República Dominicana :
Nombre del editor, distribuidor, etc. Presidencia de la República Dominicana,
Fecha de publicación, distribución, etc. 1989.
300 ## - DESCRIPCIÓN FÍSICA
Extensión 14 paginas. ;
Dimensiones 22 cm.
336 ## - TIPO DE CONTENIDO
Fuente rdacontent
Término de tipo de contenido texto
Código de tipo de contenido txt
337 ## - TIPO DE MEDIO
Fuente rdamedia
Nombre/término del tipo de medio sin mediación
Código del tipo de medio n
338 ## - TIPO DE SOPORTE
Fuente rdacarrier
Nombre/término del tipo de soporte volumen
Código del tipo de soporte nc
590 ## - NOTA LOCAL (RLIN)
Nota local inventariado, 2023 / DG
650 #4 - PUNTO DE ACCESO ADICIONAL DE MATERIA--TÉRMINO DE MATERIA
Término de materia o nombre geográfico como elemento de entrada Industria del libro
Subdivisión geográfica República Dominicana
Subdivisión general Programas
9 (RLIN) 55292
650 #4 - PUNTO DE ACCESO ADICIONAL DE MATERIA--TÉRMINO DE MATERIA
Término de materia o nombre geográfico como elemento de entrada Feria del libro
Subdivisión geográfica República Dominicana
Subdivisión cronológica 1989
Subdivisión general Programas
9 (RLIN) 74301
650 #4 - PUNTO DE ACCESO ADICIONAL DE MATERIA--TÉRMINO DE MATERIA
Término de materia o nombre geográfico como elemento de entrada Libros
Subdivisión general Exposiciones
Subdivisión geográfica República Dominicana
9 (RLIN) 33375
910 ## - DATOS DE OPCIÓN DEL USUARIO (OCLC)
Datos de opción del usuario DG
942 ## - ELEMENTOS DE PUNTO DE ACCESO ADICIONAL (KOHA)
Fuente del sistema de clasificación o colocación Dewey Decimal Classification
Tipo de ítem Koha Folleto
Holdings
Estado de retiro Estado de pérdida Fuente del sistema de clasificación o colocación Restricciones de uso No para préstamo Código de colección Localización permanente Ubicación/localización actual Ubicación en estantería Fecha de adquisición Signatura topográfica completa Código de barras Fecha visto por última vez Precio válido a partir de Tipo de ítem Koha
    Dewey Decimal Classification Excluido de préstamo   Patrimonio Dominicano Folletos Biblioteca Nacional Pedro Henríquez Ureña Biblioteca Nacional Pedro Henríquez Ureña En catalogación 08.05.2023 BNPHU F-PD 021.7 F356 2023-1612 08.05.2023 08.05.2023 Folleto

Powered by Koha